पत्र,पत्रकार और सरकार / (Record no. 118612)
[ view plain ]
| 000 -LEADER | |
|---|---|
| fixed length control field | 01175nam a22002657a 4500 |
| 005 - DATE AND TIME OF LATEST TRANSACTION | |
| control field | 20170124103117.0 |
| 010 ## - LIBRARY OF CONGRESS CONTROL NUMBER | |
| LC control number | A-485604 |
| 020 ## - INTERNATIONAL STANDARD BOOK NUMBER | |
| Terms of availability | 00.00 |
| International Standard Book Number | 817124064 |
| 035 ## - SYSTEM CONTROL NUMBER | |
| System control number | A-485604 |
| 037 ## - SOURCE OF ACQUISITION | |
| Source of stock number/acquisition | Cen Lib/Ret |
| 040 ## - CATALOGING SOURCE | |
| Original cataloging agency | DPL |
| Language of cataloging | HN |
| 082 ## - DEWEY DECIMAL CLASSIFICATION NUMBER | |
| Classification number | 323.445 |
| Item number | जोगले |
| 100 ## - MAIN ENTRY--PERSONAL NAME | |
| Personal name | जोगलेकर, काशीनाथ गोविंद |
| 9 (RLIN) | 53838 |
| 245 ## - TITLE STATEMENT | |
| Title | पत्र,पत्रकार और सरकार / |
| Statement of responsibility, etc | काशीनाथ गोविंद जोगलेकर |
| 246 ## - VARYING FORM OF TITLE | |
| Title proper/short title | Patr,patrkar aur sarkar / |
| Remainder of title | by Kashinath Govind Joglekar |
| 260 ## - PUBLICATION, DISTRIBUTION, ETC. (IMPRINT) | |
| Place of publication, distribution, etc | वाराणसी |
| Name of publisher, distributor, etc | विश्वविद्यालय प्रकाशन |
| Date of publication, distribution, etc | 1991 |
| 270 ## - ADDRESS | |
| City | वाराणसी |
| Address | चौक |
| 300 ## - PHYSICAL DESCRIPTION | |
| Extent | 109पृ. |
| Dimensions | 20सेमी(सजिल्द) |
| 500 ## - GENERAL NOTE | |
| General note | संदर्भ शामिल |
| 650 ## - SUBJECT ADDED ENTRY--TOPICAL TERM | |
| Topical term or geographic name as entry element | पत्रकार -- कानून |
| 9 (RLIN) | 81117 |
| 650 ## - SUBJECT ADDED ENTRY--TOPICAL TERM | |
| Topical term or geographic name as entry element | पत्रकार -- पत्र और न्यायपालिका |
| 9 (RLIN) | 81118 |
| 650 ## - SUBJECT ADDED ENTRY--TOPICAL TERM | |
| Topical term or geographic name as entry element | Journalist - Law |
| 9 (RLIN) | 81119 |
| 650 ## - SUBJECT ADDED ENTRY--TOPICAL TERM | |
| Topical term or geographic name as entry element | Journalist - letters and judiciary |
| 9 (RLIN) | 81120 |
| 942 ## - ADDED ENTRY ELEMENTS (KOHA) | |
| Source of classification or shelving scheme | Dewey Decimal Classification |
| Koha item type | Hindi Books |
| Classification part | 323.445 |
| Call number suffix | जोगले |
| Withdrawn status | Lost status | Damaged status | Not for loan | Home library | Current library | Date acquired | Source of acquisition | Cost, normal purchase price | Total Checkouts | Full call number | Barcode | Date last seen | Copy number | Cost, replacement price | Price effective from | Koha item type |
|---|---|---|---|---|---|---|---|---|---|---|---|---|---|---|---|---|
| Central Library | Central Library | 12/09/2015 | Cen Lib/Ret | 0.00 | 323.445 जोगले | A-485604 | 12/09/2015 | 1 | 0.00 | 12/09/2015 | Hindi Books |
